00427nam a2200133 a 4500008004100000050001700041100001800058245005900076246007200135260003300207350000900240650002800249650001600277120416s1997 ||||||||||||||||| || u aHC 79.E5 Adv aMoore, Gary T10aAdvances in environmental behaviuor and design, vol. 4 atoward the integration of theory, methods, research and utilization aNew YorkbPlenum Pressc1997 a0.00 aENVIRONMENTAL BEHAVIOUR aENVIRONMENT